Disaster management information data base for latur plan (Record no. 432958)

000 -LEADER
fixed length control field 00446cam a22001217a 4500
008 - FIXED-LENGTH DATA ELEMENTS--GENERAL INFORMATION
fixed length control field 180718b1998 xxu||||| |||| 00| 0 eng d
082 ## - DEWEY DECIMAL CLASSIFICATION NUMBER
Classification number Q39x5442 M277L/1
245 ## - TITLE STATEMENT
Title Disaster management information data base for latur plan
260 ## - PUBLICATION, DISTRIBUTION, ETC.
Place of publication, distribution, etc. Mumbai
Name of publisher, distributor, etc. Maharashtra Emergency Earthhquake Rehabilition Programme
Date of publication, distribution, etc. 1998
300 ## - PHYSICAL DESCRIPTION
Extent v.p.
500 ## - GENERAL NOTE
General note Contents: v.1. Latur district disaster management information database
650 ## - SUBJECT ADDED ENTRY--TOPICAL TERM
Topical term or geographic name entry element Disaster management
Holdings
Withdrawn status Lost status Source of classification or shelving scheme Damaged status Not for loan Permanent Location Current Location Date acquired Full call number Barcode Date last seen Price effective from Koha item type
          Indian Institute of Public Administration Indian Institute of Public Administration 2010-02-05 Q39x5442 M277L/1 GR21155 2018-07-21 2018-07-21 GR
          Indian Institute of Public Administration Indian Institute of Public Administration 2010-02-05 Q39x54 M277L/8 (N) GR21154 2018-07-21 2018-07-21 GR

Powered by Koha